| 000 | 00618nab a2200217 a 4500 | ||
|---|---|---|---|
| 005 | 20210219155516.0 | ||
| 008 | 991125s1985 mx 000 0 spa u | ||
| 035 | _aUPN01000146676 | ||
| 100 | 1 | _aGonzález, Mónica Teresa | |
| 222 | _aREVISTA DE PSICOLOGIA SOCIAL | ||
| 245 | _aSíntomas psicosomáticos auto-informados y estrés en estudiantes de psicología | ||
| 260 | _aMéxico | ||
| 300 | _a141-152 | ||
| 362 | 0 | _a2006 Vol. 21, no. 2 | |
| 653 | 0 | _aSINTOMAS PSICOSOMATICOS | |
| 653 | 0 | _aESTRES | |
| 653 | 0 | _aPSICOLOGIA | |
| 653 | 0 | _aALUMNOS | |
| 700 | 0 |
_aLandero, René, _ecoaut. |
|
| 905 | _aArticulo | ||
| 999 |
_c118822 _d118822 |
||